|
|
|
|
| LEADER |
00000naa2a2200000 4500 |
| 001 |
427107 |
| 005 |
20231101074624.0 |
| 035 |
|
|
|a (RuTPU)RU\TPU\prd\86231
|
| 035 |
|
|
|a RU\TPU\prd\11718
|
| 090 |
|
|
|a 427107
|
| 100 |
|
|
|a 20100903a2003 k y0rusy50 ca
|
| 101 |
0 |
|
|a rus
|
| 102 |
|
|
|a RU
|
| 200 |
1 |
|
|a Высоковольтные Р.В.Д.-переключатели субмегаамперных импульсов тока микросекундного диапазана длительности
|f И. В. Грехов, А. К. Козлов, С. В. Коротков, А. Л. Степанян
|
| 225 |
1 |
|
|a Электроника ирадиотехника
|
| 461 |
|
1 |
|0 (RuTPU)RU\TPU\prd\300
|x 0032-8162
|t Приборы и техника эксперимента
|f Российская академия наук
|d 1956-
|
| 463 |
|
1 |
|0 (RuTPU)RU\TPU\prd\86220
|t № 1
|v с. 53-59
|d 2003
|
| 610 |
1 |
|
|a высоковольтные переключатели
|
| 610 |
1 |
|
|a импульсы тока
|
| 610 |
1 |
|
|a микросекундный диапазон
|
| 610 |
1 |
|
|a импульсная техника
|
| 610 |
1 |
|
|a полупроводниковые переключатели
|
| 701 |
|
1 |
|a Грехов
|b И. В.
|
| 701 |
|
1 |
|a Козлов
|b А. К.
|
| 701 |
|
1 |
|a Коротков
|b С. В.
|
| 701 |
|
1 |
|a Степанян
|b А. Л.
|
| 801 |
|
1 |
|a RU
|b 63413507
|c 20030320
|g PSBO
|
| 801 |
|
2 |
|a RU
|b 63413507
|c 20100903
|g RCR
|
| 942 |
|
|
|c BK
|